Dancing With Your Ghost by No Resolve Lyrics - Statistics

General Stats
  • This quiz has been taken 6 times
  • The average score is 61 of 212
Answer Stats
Answer % Correct
the
83%
I
67%
stay
67%
all
50%
see
50%
to
50%
you
50%
your
50%
dancing
33%
ghost
33%
go
33%
hear
33%
I'm
33%
just
33%
might
33%
try
33%
with
33%
after
17%
always
17%
and
17%
anyone
17%
anything
17%
are
17%
be
17%
been
17%
blue
17%
breathe
17%
calling
17%
can
17%
can't
17%
crowd
17%
eyes
17%
face
17%
feel
17%
for
17%
forever
17%
god
17%
going
17%
guide
17%
haunting
17%
have
17%
help
17%
I'll
17%
in
17%
is
17%
it
17%
I've
17%
let
17%
lips
17%
look
17%
me
17%
memories
17%
move
17%
my
17%
name
17%
noise
17%
of
17%
oh
17%
on
17%
out
17%
please
17%
pull
17%
reaching
17%
refuse
17%
say
17%
sell
17%
show
17%
some
17%
something
17%
soul
17%
stole
17%
tells
17%
that
17%
there's
17%
they
17%
thinking
17%
through
17%
voice
17%
waiting
17%
way
17%
we
17%
what's
17%
would
17%
wrong
17%
yours
17%
No matching quizzes found
Score Distribution
Percent of People with Each Score
Percentile by Number Answered
Your Score History
You have not taken this quiz